000 01735nam a2200301Ia 4500
008 130821s1620 be a gr lat
040 _aCo-BoUCM
_bspa
041 0 _alat
092 _aE11N059
100 1 _aCabedo, Jorge de,
245 1 0 _aPracticarum observationum siue decissionum Supremi Senatus Regni Lusitaniae
_cauthore Georgio de Cabedo
246 1 3 _a[Primera y segunda parte sobre las sentencias y consideraciones prácticas del Consejo Supremo del Reino de Portugal]
260 _aAntuerpia (Bélgica)
_bApud Ioannem Keerbergium [Juan Keerberger]
_c1620
300 _a2 t en 1 v. (230, [34] ; 234, [42] páginas).
_bilustraciones
500 _aDetalles físicos: Encuadernación en pergamino en relativo buen estado de conservación. Sin guardas delanteras. Conserva la portada pegada, impresa en un sólo color, con un grabado y el emblema del impresor (entre dos cornucopias, una cabeza de A
504 _aIncluye índice
505 0 _a(Extraído de la portada). V.1: Doscientas catorce sentencias y dictámenes. V. 2: Ciento veinte sentencias y dictámenes, sobre los más variados temas de ambos derechos: temas de jurisdicción, de regalías, de juramentos, de prendas, de últimas vol
506 _aConsulta en sala.
546 _aTexto en latín y portugués.
650 _aDerecho civil
_zPortugal
_xObras anteriores a 1700
_912711
650 _aDerecho eclesiástico
_zPortugal
_xObras anteriores a 1700
_912757
650 _aDerecho penal
_zPortugal
_xObras anteriores a 1700
_912805
650 _aDerecho
_97494
651 _aPortugal
_xLegislación
_xObras anteriores a 1700
_927238
700 1 _aKeerberger, Juan
_eimp.
942 _cLIBRO
_a8
_e1
_2DEWEY
_h340.56
999 _c74136
_d74136